Rajasthan yearbook and who's who 1963 (Record no. 1056306)

MARC details
000 -LEADER
fixed length control field 00637nam a2200241Ia 4500
003 - CONTROL NUMBER IDENTIFIER
control field OSt
005 - DATE AND TIME OF LATEST TRANSACTION
control field 20221005130152.0
008 - FIXED-LENGTH DATA ELEMENTS--GENERAL INFORMATION
fixed length control field 221004b |||||||| |||| 00| 0 eng d
037 ## - SOURCE OF ACQUISITION
Terms of availability Textual
040 ## - CATALOGING SOURCE
Original cataloging agency CRL
Transcribing agency CRL
Language of cataloging eng
041 ## - LANGUAGE CODE
Source of code eng
Language code of text/sound track or separate title eng
100 ## - MAIN ENTRY--PERSONAL NAME
Personal name Dandia Milap Chand Ed.
9 (RLIN) 637691
245 #0 - TITLE STATEMENT
Title Rajasthan yearbook and who's who 1963
260 ## - PUBLICATION, DISTRIBUTION, ETC.
Date of publication, distribution, etc. 1963
650 ## - SUBJECT ADDED ENTRY--TOPICAL TERM
Topical term or geographic name entry element YEARBOOKS
9 (RLIN) 1188
650 ## - SUBJECT ADDED ENTRY--TOPICAL TERM
Topical term or geographic name entry element GENERALIA
942 ## - ADDED ENTRY ELEMENTS (KOHA)
Classification part 8282:N63, K3 RR
Koha item type Textual
Source of classification or shelving scheme
Holdings
Withdrawn status Lost status Damaged status Not for loan Home library Current library Date acquired Total Checkouts Full call number Barcode Date last seen Price effective from Koha item type
        Central Library Central Library 2022-10-05   8282:N63 K3 RR CL0207861 2022-10-05 2022-10-05 Textual
Copyright @ Delhi University Library System